Educación sexual: experiencias y desafíos

Uloženo v:
Podrobná bibliografie
Hlavní autor: Ortega F., Ximena (autora)
Další autoři: Gaete Avaria, Jorge (autor)
Médium: Kniha
Jazyk:španělština
Vydáno: Santiago Paesmi 1991
Témata:
Tagy: Přidat tag
Žádné tagy, Buďte první, kdo vytvoří štítek k tomuto záznamu!

MARC

LEADER 00000nam a2200000 a 4500
001 UCW7163
003 CL-VaPUC
005 20221116115009.0
008 920914e19910000CL |||||||||||||||||spa|d
999 |c 220018  |d 220016 
040 |c Pontificia Universidad Católica de Valparaíso 
082 0 4 |a 612.6  |b ORT  |2 21 
100 |a Ortega F., Ximena  |e autora  |9 312295 
245 1 0 |a Educación sexual: experiencias y desafíos 
260 |a Santiago  |b Paesmi  |c 1991 
300 |a 169 p 
583 |a last modification  |c 19920914 00:00:00  |k Rodrigo Vera 
650 0 |a Educación sexual  |9 308005 
700 |a Gaete Avaria, Jorge  |e autor  |9 878474 
942 |c BK  |2 ddc 
945 |d 19920914 00:00:00 
952 |0 0  |1 0  |4 0  |6 612_600000000000000_ORT_1991  |7 0  |8 P  |9 211739  |a BIBEDU  |b BIBEDU  |c BIBEDU_PB  |d 2019-11-15  |i 2798778  |o 612.6 ORT 1991  |p 2798778  |r 2024-01-25  |w 2019-11-15  |y BK  |k EDU